Advanced techniques / (Record no. 49265)

MARC details
000 -LEADER
fixed length control field 02545nam a22002297a 4500
003 - CONTROL NUMBER IDENTIFIER
control field CUTN
005 - DATE AND TIME OF LATEST TRANSACTION
control field 20260204164747.0
008 - FIXED-LENGTH DATA ELEMENTS--GENERAL INFORMATION
fixed length control field 260204b |||||||| |||| 00| 0 eng d
020 ## - INTERNATIONAL STANDARD BOOK NUMBER
International Standard Book Number 9789387973466
041 ## - LANGUAGE CODE
Language English
082 ## - DEWEY DECIMAL CLASSIFICATION NUMBER
Classification number 635.095
Item number TYA
100 ## - MAIN ENTRY--PERSONAL NAME
Personal name Tyagi, Sachin
245 ## - TITLE STATEMENT
Title Advanced techniques /
Statement of responsibility, etc Sachin Tyagi
260 ## - PUBLICATION, DISTRIBUTION, ETC. (IMPRINT)
Place of publication, distribution, etc New Delhi :
Name of publisher, distributor, etc New India Publishing Agency (NIPA),
Date of publication, distribution, etc 2021.
300 ## - PHYSICAL DESCRIPTION
Extent x, 235 p.;
Other physical details hbk. ;
505 ## - FORMATTED CONTENTS NOTE
Title Section 01 Precision Farming<br/>1. Precision Farming<br/>2. Precision Farming Technique and ItsApplication in Horticulture<br/>3. Precision Farming Techniquesin Tuberose<br/>Section 02 Remote Sensing Techniques and GIS<br/>4. Remote Sensing Techniques in Horticulture<br/>5. Potential Applications of Remote Sensing (RS) in Horticulture<br/>6. Remote Sensing in Fruit Crops– A New Horizon for the Current Era<br/>7. Remote Sensing in Horticulture— A Review<br/>8. Geographical Information System (GIS): A Global Perspective for Hi-tech Horticulture<br/>Section 03Sensors Application<br/>9. Sensors Application in Horticulture<br/>Section 04 Nanotechnology<br/>10. Implication of Nanotechnology in Horticulture<br/>11. Application of Nanotechnology in Horticultural Plant Pathology<br/>Section 05 Mechanization, Automation andMicro-Irrigation<br/>12. Mechanized Horticulture<br/>13. Micro Irrigation System and Its Relevance in Hi-Tech Horticulture<br/>14. Recent Advances of Micro Irrigation in Tropical Fruit Crops<br/>15. Used of Micro-Irrigation System for Optimum Production of Pomegranate(Punica Granatum L.)<br/>16. Water Use Efficiency in Pomegranate (Punica granatum L.)
520 ## - SUMMARY, ETC.
Summary, etc Advanced Techniques<br/>Horticulture holds significant importance in contemporary agriculture, and its scope is constantly expanding. What was once limited to vegetables, fruits, flowers, and postharvest technology has evolved to encompass areas such as disease, breeding, pathology, physiology, greenhouse technologies, and others. The Hi-Tech Horticulture book series has been designed with these advancements in mind, featuring contributions from esteemed professors and scientists. The series comprises six volumes, each focusing on a different aspect of horticulture. These include Crop Improvement, Nursery and Rootstock Management, Organic Farming and Sustainable Development Techniques, Improved Production Techniques, Plant Protection and Stress Management, Value Addition and Post-Harvest Management, and Advanced Techniques.
650 ## - SUBJECT ADDED ENTRY--TOPICAL TERM
Topical term or geographic name as entry element Horticulture
650 ## - SUBJECT ADDED ENTRY--TOPICAL TERM
Topical term or geographic name as entry element Horticulture Techniques
690 ## - LOCAL SUBJECT ADDED ENTRY--TOPICAL TERM (OCLC, RLIN)
Department Name Horticulture
942 ## - ADDED ENTRY ELEMENTS (KOHA)
Source of classification or shelving scheme Dewey Decimal Classification
Koha item type General Books
Holdings
Withdrawn status Lost status Source of classification or shelving scheme Damaged status Not for loan Collection code Home library Location Shelving location Date of Cataloging Total Checkouts Full call number Barcode Date last seen Price effective from Koha item type
    Dewey Decimal Classification     Non-fiction CUTN Central Library CUTN Central Library Horticulture 04/02/2026   635.095 TYA 52421 04/02/2026 04/02/2026 General Books